<?xml version="1.0" encoding="UTF-8"?>
<record
    xmlns:xsi="http://www.w3.org/2001/XMLSchema-instance"
    xsi:schemaLocation="http://www.loc.gov/MARC21/slim http://www.loc.gov/standards/marcxml/schema/MARC21slim.xsd"
    xmlns="http://www.loc.gov/MARC21/slim">

  <leader>00406nam a2200169Ia 4500</leader>
  <controlfield tag="008">121129t1945    xxu||||| |||| 00| 0 sin d</controlfield>
  <datafield tag="041" ind1=" " ind2=" ">
    <subfield code="a">sin</subfield>
  </datafield>
  <datafield tag="080" ind1=" " ind2=" ">
    <subfield code="a">X8S1 </subfield>
    <subfield code="b">SAM</subfield>
  </datafield>
  <datafield tag="100" ind1=" " ind2=" ">
    <subfield code="a">Samarasinghe .D.M</subfield>
  </datafield>
  <datafield tag="245" ind1=" " ind2=" ">
    <subfield code="a">&#xDBD;&#xD9A;&#xDCA;&#xDC3;&#xDAB; &#xD9C;&#xDD3;</subfield>
  </datafield>
  <datafield tag="246" ind1=" " ind2=" ">
    <subfield code="a">Laksana Gee</subfield>
  </datafield>
  <datafield tag="260" ind1=" " ind2=" ">
    <subfield code="b">Y.Don Edvin</subfield>
    <subfield code="a">-</subfield>
    <subfield code="c">1945</subfield>
  </datafield>
  <datafield tag="300" ind1=" " ind2=" ">
    <subfield code="b">28p., 18 cm</subfield>
  </datafield>
  <datafield tag="942" ind1=" " ind2=" ">
    <subfield code="c">BK</subfield>
  </datafield>
  <datafield tag="999" ind1=" " ind2=" ">
    <subfield code="c">76364</subfield>
    <subfield code="d">76364</subfield>
  </datafield>
  <controlfield tag="003">LK-CoDNM</controlfield>
  <datafield tag="040" ind1=" " ind2=" ">
    <subfield code="a">LK-CoDNM</subfield>
    <subfield code="d">LK-CoDNM</subfield>
    <subfield code="e">LK-CoDNM</subfield>
  </datafield>
</record>
